| 000 | 00553nam a22001937a 4500 | ||
|---|---|---|---|
| 005 | 20251108172829.0 | ||
| 008 | 250721s2000 xx 000 0 ara d | ||
| 082 | 1 | 4 | _aم/ 352.2/ أرد |
| 245 | 1 | 0 | _aالتقرير الإحصائي الجنائي 2000 / |
| 264 | 1 |
_aعمان : _bمديرية الأمن العام، _c2000. |
|
| 300 | _a250 ص | ||
| 650 | 1 | 7 | _aالأمن الداخلي |
| 650 | 1 | 7 | _aالأردن |
| 650 | 1 | 7 | _aالتقارير |
| 650 | 1 | 7 | _aالجريمة |
| 650 | 1 | 7 | _aالمجرمون |
| 942 |
_2ddc _cREF |
||
| 999 |
_c89541 _d89541 |
||